|
|
|
|
| LEADER |
00000nam0a2200000 4500 |
| 001 |
286329 |
| 005 |
20231101235901.0 |
| 020 |
|
|
|a RU
|b 85-57041
|
| 035 |
|
|
|a (RuTPU)RU\TPU\book\310635
|
| 090 |
|
|
|a 286329
|
| 100 |
|
|
|a 20150304d1984 k y0rusy5003 ca
|
| 101 |
0 |
|
|a rus
|
| 102 |
|
|
|a RU
|
| 105 |
|
|
|a y z 100zy
|
| 200 |
1 |
|
|a Методологические вопросы наук о Земле
|e тезисы докладов и выступлений к региональному научному симпозиуму, г. Чита, 10-12 октября 1984 г.
|f Читинский государственный педагогический институт им. Н. Г. Чернышевского (ЧГПИ) ; Академия наук СССР (АН СССР), Сибирское отделение (СО), Читинский институт природных ресурсов (ЧИПР)
|
| 210 |
|
|
|a Чита
|c Изд-во ЧГПИ
|d 1984
|
| 215 |
|
|
|a 128 с.
|
| 606 |
|
|
|a Науки о Земле
|2 stltpush
|3 (RuTPU)RU\TPU\subj\45098
|9 64360
|
| 610 |
1 |
|
|a методология
|
| 610 |
1 |
|
|a геологические науки
|
| 610 |
1 |
|
|a тезисы докладов
|
| 610 |
1 |
|
|a познание
|
| 610 |
1 |
|
|a научная картина мира
|
| 610 |
1 |
|
|a материя
|
| 675 |
|
|
|a 551.1(063)
|z rus
|v 3
|
| 712 |
0 |
2 |
|a Читинский государственный педагогический институт им. Н. Г. Чернышевского (ЧГПИ)
|c (1938-1997)
|2 stltpush
|3 (RuTPU)RU\TPU\col\13482
|
| 712 |
0 |
2 |
|a Академия наук СССР (АН СССР)
|b Сибирское отделение (СО)
|b Читинский институт природных ресурсов (ЧИПР)
|c (1981-1991)
|2 stltpush
|3 (RuTPU)RU\TPU\col\13627
|
| 712 |
1 |
2 |
|a Методологические вопросы наук о Земле
|c симпозиум
|e Чита
|f 1984
|4 570
|
| 801 |
|
0 |
|a RU
|b RuMRKP
|c 19950704
|g psbo
|
| 801 |
|
1 |
|a RU
|b 63413507
|c 20150304
|
| 801 |
|
2 |
|a RU
|b 63413507
|c 20171103
|g RCR
|
| 942 |
|
|
|c BK
|